NBA #1 Draft Picks - Statistics

General Stats
  • This quiz has been taken 837 times
  • The average score is 10 of 13
Answer Stats
Hint Answer % Correct
2003:Cleveland LeBron James
96%
2012:New Orleans Anthony Davis
92%
2011:Cleveland Kyrie Irving
91%
2008:Chicago Derrick Rose
90%
2009:LA Clippers Blake Griffin
88%
2010:Washington John Wall
88%
2004:Orlando Dwight Howard
85%
2007:Portland Greg Oden
70%
2002:Houston Yao Ming
69%
2005:Milwaukee Andrew Bogut
54%
2001:Washington Kwame Brown
50%
2000:New Jersey Kenyon Martin
44%
2006:Toronto Andrea Bargnani
43%
No matching quizzes found
Score Distribution
Percent of People with Each Score
Percentile by Number Answered
Your Score History
You have not taken this quiz